000 00482nam a22001577a 4500
999 _c8610
_d8610
003 OSt
008 200320b ||||| |||| 00| 0 eng d
020 _a9788123907871
100 _aGaud, R. S.
245 _aPractical Pharmaceutics (PB 2019)
250 _a1st/e, Reprint 2019
260 _aNew Delhi
_bCBS Publishers & Distributors
300 _aPaperback: 306 Pages, Dimensions: 24 x 18.2 x 1.4 cm
650 _aPharmaceutics (Dispensing and General Pharmacy
942 _2ddc
_cBK
_03